BOTANY FOR DEGREE STUDENTS PART-1 ALGAE (Record no. 14689)

MARC details
000 -LEADER
fixed length control field 00330nam a22001457a 4500
003 - CONTROL NUMBER IDENTIFIER
control field SGT
020 ## - INTERNATIONAL STANDARD BOOK NUMBER
International Standard Book Number 978-81-219-3521-0
082 ## - DEWEY DECIMAL CLASSIFICATION NUMBER
Classification number 589.3
Item number B16V
100 ## - MAIN ENTRY--PERSONAL NAME
Personal name VASHISHTA, B.R
245 ## - TITLE STATEMENT
Title BOTANY FOR DEGREE STUDENTS PART-1 ALGAE
260 ## - PUBLICATION, DISTRIBUTION, ETC. (IMPRINT)
Place of publication, distribution, etc NEW DELHI
Name of publisher, distributor, etc S.CHAND
Year of Publication 2016
300 ## - PAGE DESCRIPTION
No. of Pages 612
650 ## - SUBJECT ADDED ENTRY--TOPICAL TERM
Topical term or geographic name as entry element AYURVEDA
942 ## - ADDED ENTRY ELEMENTS (KOHA)
Source of classification or shelving scheme Dewey Decimal Classification
Koha item type Books
Holdings
Withdrawn status Lost status Source of classification or shelving scheme Damaged status Not for loan Collection code Home library Current library Shelving location Date acquired Vendor Name Cost, normal purchase price Volume Information (Serial or Books or Non-Book Material) SGTU Bill Number Total Checkouts Full call number Accession No. (Barcode) Date last seen Bill Date Koha item type
    Dewey Decimal Classification     AYURVEDA SGT FA-FP Library SGT FA-FP Library Text Book 24/01/2018 AHUJA PUB 525.00 1 SGTU 9136   589.3 B16V FA7743 24/01/2018 04/01/2018 Books
    Dewey Decimal Classification     AYURVEDA SGT FA-FP Library SGT FA-FP Library Text Book 24/01/2018 AHUJA PUB 525.00 1 SGTU 9136   589.3 B16V FA7744 24/01/2018 04/01/2018 Books
    Dewey Decimal Classification     AYURVEDA SGT FA-FP Library SGT FA-FP Library Text Book 24/01/2018 AHUJA PUB 525.00 1 SGTU 9136   589.3 B16V FA7745 24/01/2018 04/01/2018 Books
    Dewey Decimal Classification     AYURVEDA SGT FA-FP Library SGT FA-FP Library Text Book 24/01/2018 AHUJA PUB 525.00 1 SGTU 9136   589.3 B16V FA7746 24/01/2018 04/01/2018 Books
    Dewey Decimal Classification     AYURVEDA SGT FA-FP Library SGT FA-FP Library Text Book 24/01/2018 AHUJA PUB 525.00 1 SGTU 9136   589.3 B16V FA7747 24/01/2018 04/01/2018 Books
    Dewey Decimal Classification     AYURVEDA SGT FA-FP Library SGT FA-FP Library Text Book 24/01/2018 AHUJA PUB 525.00 1 SGTU 9136   589.3 B16V FA7748 24/01/2018 04/01/2018 Books
    Dewey Decimal Classification     AYURVEDA SGT FA-FP Library SGT FA-FP Library Text Book 24/01/2018 AHUJA PUB 525.00 1 SGTU 9136   589.3 B16V FA7749 24/01/2018 04/01/2018 Books
    Dewey Decimal Classification     AYURVEDA SGT FA-FP Library SGT FA-FP Library Text Book 24/01/2018 AHUJA PUB 525.00 1 SGTU 9136   589.3 B16V FA7750 24/01/2018 04/01/2018 Books